书目信息 |
| 题名: |
世界短篇小说精选
|
|
| 作者: | 朱虹 著 | |
| 分册: | ||
| 出版信息: | 北京 中国青年出版社 1981.03 |
|
| 页数: | 182页 | |
| 开本: | 18cm | |
| 丛书名: | ||
| 单 册: | ||
| 中图分类: | I561.4 | |
| 科图分类: | ||
| 主题词: | 文学 | |
| 电子资源: | ||
| ISBN: | 7-5006-2968-0 | |
| 000 | 00757 nam 000253 | |
| 001 | 0100005966 | |
| 005 | 20091124104716.34 | |
| 010 | @a7-5006-2968-0@dCNY11.30 | |
| 100 | @a20090704d2005 em y0chiy0121 ea | |
| 101 | @achi | |
| 102 | @aCN@b110000 | |
| 105 | @ay z 000yy | |
| 106 | @ar | |
| 200 | 10 | @a世界短篇小说精选@Ashi jie duan pian xiao shuo jing xuan@9shi jie duan pian xiao shuo jing xuan ying guo juan shang@e英国卷@f朱虹著@Fzhu hong zhu |
| 210 | @a北京@c中国青年出版社@d1981.03 | |
| 215 | @a182页@d18cm | |
| 517 | 1 | @a英国卷@Aying guo juan |
| 540 | @a世界短篇小说精选·英国卷上 | |
| 606 | @a文学 | |
| 690 | @aI561.4@v4 | |
| 701 | 0 | @a朱虹@9zhu hong@4著 |
| 801 | @aCN@c20091124 | |
| 901 | @a222222 | |
| 905 | @b906044@dI561.4@eZ842@f1 | |
| 世界短篇小说精选:英国卷/朱虹著.-北京:中国青年出版社,1981.03 |
| 182页;18cm |
| ISBN 7-5006-2968-0:CNY11.30 |
| ● |
| 相关链接 |
|
|
|
正题名:世界短篇小说精选
索取号:I561.4/Z842
 
预约/预借
| 序号 | 登录号 | 条形码 | 馆藏地/架位号 | 状态 | 备注 |
| 1 | 906043 | 209060433 | 文学库116/116文学库 19排5列6层/ [索取号:I561.4/Z842] | 在馆 | |
| 2 | 906044 | 209060442 | 文学库116/116文学库 119排5列6层/ [索取号:I561.4/Z842] | 在馆 |